Transculturación e hibridez en el debate de la especificidad latinoamericana /

Saved in:
Bibliographic Details
Main Author: Ronda Varona, Adalberto
Format: Text
Subjects:
Tags: Add Tag
No Tags, Be the first to tag this record!

MARC

LEADER 00000 a a2200000 04500
001 4386
003
040
100 |a Ronda Varona, Adalberto  
245 |a Transculturación e hibridez en el debate de la especificidad latinoamericana /  |c Adalberto Ronda Varona 
650 |a HIBRIDACION  
650 |a IDENTIDAD CULTURAL  
650 |a TRADICION  
650 |a GLOBALIZACION  
650 |a FRONTERAS  
773 |g número 28; páginas 167-181  
999 |c 28745  |d 28745